A város nem szállítja le a lakások és az üzlethelyiségek bérét
Elmentve itt :
| Dokumentumtípus: | Cikk |
|---|---|
| Megjelent: |
1933-10-11
|
| Sorozat: | Délmagyarország
9 No. 231 |
| Kulcsszavak: | Somogyi Szilveszter, Bérlet lakás Szeged 1933, Bérlet üzlethelység Szeged 1933, Szeged |
| Online Access: | http://dmarchiv.bibl.u-szeged.hu/48092 |
| LEADER | 00517nab a2200145 i 4500 | ||
|---|---|---|---|
| 001 | delm48092 | ||
| 005 | 20180927134909.0 | ||
| 008 | 180927s1933 hu o 0|| hun d | ||
| 040 | |a SZTE Délmagyarország Archívum |b hun | ||
| 041 | |a hun | ||
| 245 | 0 | 2 | |a A város nem szállítja le a lakások és az üzlethelyiségek bérét |h [elektronikus dokumentum] |
| 260 | |c 1933-10-11 | ||
| 300 | |a 7 | ||
| 490 | 0 | |a Délmagyarország |v 9 No. 231 | |
| 695 | |a Somogyi Szilveszter, Bérlet lakás Szeged 1933, Bérlet üzlethelység Szeged 1933, Szeged | ||